000 006400000a22001810004500
003 MACL
005 20160607123534.0
008 160607b xxu||||| |||| 00| 0 eng d
040 _aMACL
_cMACL
041 _aHindi
082 _a920
100 _aगम्‍भीरानन्‍द, स्‍वामी
_948696
245 _aयुगनायक विवेकानन्‍द
_bप्रथम खण्‍ड
_cस्‍वामी गम्‍भीरानन्‍द
260 _bरामकृष्‍ण मठ
_aनागपुर
350 _a70
650 _aBiography
_962577
942 _cHIN
_k920/GAM
_2ddc
999 _c10650
_d10650